<?xml version="1.0" encoding="UTF-8"?>
<collection xmlns="http://www.loc.gov/MARC21/slim">
 <record>
  <leader>04043cam a2200829   4500</leader>
  <controlfield tag="001">497618788</controlfield>
  <controlfield tag="003">DE-627</controlfield>
  <controlfield tag="005">20241130111629.0</controlfield>
  <controlfield tag="007">tu</controlfield>
  <controlfield tag="008">050831s2005    gw |||||      00| ||ger c</controlfield>
  <datafield tag="015" ind1=" " ind2=" ">
   <subfield code="a">05,N37,0068</subfield>
   <subfield code="2">dnb</subfield>
  </datafield>
  <datafield tag="016" ind1="7" ind2=" ">
   <subfield code="a">97612307X</subfield>
   <subfield code="2">DE-101</subfield>
  </datafield>
  <datafield tag="020" ind1=" " ind2=" ">
   <subfield code="a">3825887928</subfield>
   <subfield code="c">Pb. : EUR 24.90</subfield>
   <subfield code="9">3-8258-8792-8</subfield>
  </datafield>
  <datafield tag="024" ind1="3" ind2=" ">
   <subfield code="a">9873825887924</subfield>
  </datafield>
  <datafield tag="024" ind1="3" ind2=" ">
   <subfield code="a">9783825887926</subfield>
  </datafield>
  <datafield tag="035" ind1=" " ind2=" ">
   <subfield code="a">(DE-627)497618788</subfield>
  </datafield>
  <datafield tag="035" ind1=" " ind2=" ">
   <subfield code="a">(DE-576)120515261</subfield>
  </datafield>
  <datafield tag="035" ind1=" " ind2=" ">
   <subfield code="a">(DE-599)DNB97612307X</subfield>
  </datafield>
  <datafield tag="035" ind1=" " ind2=" ">
   <subfield code="a">(OCoLC)181474760</subfield>
  </datafield>
  <datafield tag="035" ind1=" " ind2=" ">
   <subfield code="a">(OCoLC)243614710</subfield>
  </datafield>
  <datafield tag="035" ind1=" " ind2=" ">
   <subfield code="a">(OCoLC)181474760</subfield>
  </datafield>
  <datafield tag="035" ind1=" " ind2=" ">
   <subfield code="a">(DE-605)HT014520813</subfield>
  </datafield>
  <datafield tag="040" ind1=" " ind2=" ">
   <subfield code="a">DE-627</subfield>
   <subfield code="b">ger</subfield>
   <subfield code="c">DE-627</subfield>
   <subfield code="e">rakwb</subfield>
  </datafield>
  <datafield tag="041" ind1=" " ind2=" ">
   <subfield code="a">ger</subfield>
  </datafield>
  <datafield tag="044" ind1=" " ind2=" ">
   <subfield code="c">XA-DE-NW</subfield>
  </datafield>
  <datafield tag="082" ind1="0" ind2=" ">
   <subfield code="a">150</subfield>
   <subfield code="a">150</subfield>
  </datafield>
  <datafield tag="082" ind1="0" ind2=" ">
   <subfield code="a">302.23019</subfield>
   <subfield code="q">Offline MPIB</subfield>
  </datafield>
  <datafield tag="082" ind1="0" ind2=" ">
   <subfield code="a">150</subfield>
  </datafield>
  <datafield tag="082" ind1="0" ind2="4">
   <subfield code="a">791</subfield>
   <subfield code="a">150</subfield>
  </datafield>
  <datafield tag="082" ind1="0" ind2="4">
   <subfield code="a">150</subfield>
  </datafield>
  <datafield tag="084" ind1=" " ind2=" ">
   <subfield code="a">3,5</subfield>
   <subfield code="a">9,11</subfield>
   <subfield code="2">ssgn</subfield>
  </datafield>
  <datafield tag="084" ind1=" " ind2=" ">
   <subfield code="a">AP 13750</subfield>
   <subfield code="2">rvk</subfield>
   <subfield code="0">(DE-625)rvk/6888:</subfield>
  </datafield>
  <datafield tag="084" ind1=" " ind2=" ">
   <subfield code="a">AP 17120</subfield>
   <subfield code="2">rvk</subfield>
   <subfield code="0">(DE-625)rvk/6997:</subfield>
  </datafield>
  <datafield tag="084" ind1=" " ind2=" ">
   <subfield code="a">AP 13800</subfield>
   <subfield code="2">rvk</subfield>
   <subfield code="0">(DE-625)rvk/6889:</subfield>
  </datafield>
  <datafield tag="084" ind1=" " ind2=" ">
   <subfield code="a">AP 37740</subfield>
   <subfield code="2">rvk</subfield>
   <subfield code="0">(DE-625)rvk/7409:</subfield>
  </datafield>
  <datafield tag="084" ind1=" " ind2=" ">
   <subfield code="a">77.46</subfield>
   <subfield code="2">bkl</subfield>
  </datafield>
  <datafield tag="084" ind1=" " ind2=" ">
   <subfield code="a">77.93</subfield>
   <subfield code="2">bkl</subfield>
  </datafield>
  <datafield tag="084" ind1=" " ind2=" ">
   <subfield code="a">05.12</subfield>
   <subfield code="2">bkl</subfield>
  </datafield>
  <datafield tag="245" ind1="1" ind2="0">
   <subfield code="a">Medien und Emotionen</subfield>
   <subfield code="c">Siegfried J. Schmidt (Hg.)</subfield>
  </datafield>
  <datafield tag="263" ind1=" " ind2=" ">
   <subfield code="a">EUR 24.90</subfield>
  </datafield>
  <datafield tag="264" ind1=" " ind2="1">
   <subfield code="a">Münster</subfield>
   <subfield code="b">Lit Verl.</subfield>
   <subfield code="c">2005</subfield>
  </datafield>
  <datafield tag="300" ind1=" " ind2=" ">
   <subfield code="a">433 S.</subfield>
   <subfield code="b">graph. Darst.</subfield>
   <subfield code="c">21 cm</subfield>
  </datafield>
  <datafield tag="336" ind1=" " ind2=" ">
   <subfield code="a">Text</subfield>
   <subfield code="b">txt</subfield>
   <subfield code="2">rdacontent</subfield>
  </datafield>
  <datafield tag="337" ind1=" " ind2=" ">
   <subfield code="a">ohne Hilfsmittel zu benutzen</subfield>
   <subfield code="b">n</subfield>
   <subfield code="2">rdamedia</subfield>
  </datafield>
  <datafield tag="338" ind1=" " ind2=" ">
   <subfield code="a">Band</subfield>
   <subfield code="b">nc</subfield>
   <subfield code="2">rdacarrier</subfield>
  </datafield>
  <datafield tag="490" ind1="1" ind2=" ">
   <subfield code="a">Medien: Forschung und Wissenschaft</subfield>
   <subfield code="v">Bd. 11</subfield>
  </datafield>
  <datafield tag="500" ind1=" " ind2=" ">
   <subfield code="a">Literaturverz. S. 411 - 433</subfield>
  </datafield>
  <datafield tag="650" ind1=" " ind2="4">
   <subfield code="a">Massenmedien</subfield>
  </datafield>
  <datafield tag="650" ind1=" " ind2="4">
   <subfield code="a">Gefühl</subfield>
  </datafield>
  <datafield tag="650" ind1=" " ind2="4">
   <subfield code="a">Aufsatzsammlung</subfield>
  </datafield>
  <datafield tag="689" ind1="0" ind2="0">
   <subfield code="d">s</subfield>
   <subfield code="0">(DE-588)4037877-9</subfield>
   <subfield code="0">(DE-627)106235079</subfield>
   <subfield code="0">(DE-576)209027029</subfield>
   <subfield code="a">Massenmedien</subfield>
   <subfield code="2">gnd</subfield>
  </datafield>
  <datafield tag="689" ind1="0" ind2="1">
   <subfield code="d">s</subfield>
   <subfield code="0">(DE-588)4019702-5</subfield>
   <subfield code="0">(DE-627)106320602</subfield>
   <subfield code="0">(DE-576)208930418</subfield>
   <subfield code="a">Gefühl</subfield>
   <subfield code="2">gnd</subfield>
  </datafield>
  <datafield tag="689" ind1="0" ind2=" ">
   <subfield code="5">DE-101</subfield>
  </datafield>
  <datafield tag="700" ind1="1" ind2=" ">
   <subfield code="a">Schmidt, Siegfried J.</subfield>
   <subfield code="d">1940-</subfield>
   <subfield code="e">Hrsg.</subfield>
   <subfield code="0">(DE-588)118608924</subfield>
   <subfield code="0">(DE-627)283660449</subfield>
   <subfield code="0">(DE-576)162936702</subfield>
   <subfield code="4">edt</subfield>
  </datafield>
  <datafield tag="787" ind1="0" ind2="8">
   <subfield code="i">Rezession</subfield>
   <subfield code="t">Siegfried J. Schmidt (Hg.): Medien und Emotionen, Münster 2005</subfield>
   <subfield code="d">2005</subfield>
   <subfield code="h">Online-Ressource</subfield>
   <subfield code="w">(DE-627)1646230493</subfield>
   <subfield code="w">(DE-576)278859135</subfield>
  </datafield>
  <datafield tag="787" ind1="0" ind2="8">
   <subfield code="i">Rezensiert in</subfield>
   <subfield code="a">Wulff, Hans Jürgen, 1951 - </subfield>
   <subfield code="t">[Rezension von: Siegfried J. Schmidt (Hrsg.), Medien und Emotionen]</subfield>
   <subfield code="d">2005</subfield>
   <subfield code="w">(DE-627)1891200097</subfield>
  </datafield>
  <datafield tag="830" ind1=" " ind2="0">
   <subfield code="a">Medien</subfield>
   <subfield code="v">11</subfield>
   <subfield code="9">11</subfield>
   <subfield code="w">(DE-627)485793695</subfield>
   <subfield code="w">(DE-576)098417916</subfield>
   <subfield code="w">(DE-600)2187580-7</subfield>
   <subfield code="7">ns</subfield>
  </datafield>
  <datafield tag="856" ind1="4" ind2="2">
   <subfield code="u">https://swbplus.bsz-bw.de/bsz120515261rez.htm</subfield>
   <subfield code="m">V:DE-576</subfield>
   <subfield code="q">text/html</subfield>
   <subfield code="3">Rezension</subfield>
  </datafield>
  <datafield tag="856" ind1="4" ind2="2">
   <subfield code="u">https://www.gbv.de/dms/mpib-toc/497618788.pdf</subfield>
   <subfield code="m">V:DE-601</subfield>
   <subfield code="m">B:B-1532</subfield>
   <subfield code="q">pdf/application</subfield>
   <subfield code="3">Inhaltsverzeichnis</subfield>
  </datafield>
  <datafield tag="935" ind1=" " ind2=" ">
   <subfield code="i">Blocktest</subfield>
  </datafield>
  <datafield tag="936" ind1="r" ind2="v">
   <subfield code="a">AP 13750</subfield>
   <subfield code="b">Psychologie, Medienpsychologie</subfield>
   <subfield code="k">Allgemeines</subfield>
   <subfield code="k">Medien- und Kommunikationswissenschaften, Medienkulturwissenschaft, Kommunikationsdesign</subfield>
   <subfield code="k">Theorie und Methodik</subfield>
   <subfield code="k">Psychologie, Medienpsychologie</subfield>
   <subfield code="0">(DE-627)1270684329</subfield>
   <subfield code="0">(DE-625)rvk/6888:</subfield>
   <subfield code="0">(DE-576)200684329</subfield>
  </datafield>
  <datafield tag="936" ind1="r" ind2="v">
   <subfield code="a">AP 17120</subfield>
   <subfield code="b">Wirkung, Beeinflussbarkeit</subfield>
   <subfield code="k">Allgemeines</subfield>
   <subfield code="k">Medien- und Kommunikationswissenschaften, Medienkulturwissenschaft, Kommunikationsdesign</subfield>
   <subfield code="k">Publikum, Empfänger</subfield>
   <subfield code="k">Wirkung, Beeinflussbarkeit</subfield>
   <subfield code="0">(DE-627)1270684965</subfield>
   <subfield code="0">(DE-625)rvk/6997:</subfield>
   <subfield code="0">(DE-576)200684965</subfield>
  </datafield>
  <datafield tag="936" ind1="r" ind2="v">
   <subfield code="a">AP 13800</subfield>
   <subfield code="b">Soziologie, Mediensoziologie</subfield>
   <subfield code="k">Allgemeines</subfield>
   <subfield code="k">Medien- und Kommunikationswissenschaften, Medienkulturwissenschaft, Kommunikationsdesign</subfield>
   <subfield code="k">Theorie und Methodik</subfield>
   <subfield code="k">Soziologie, Mediensoziologie</subfield>
   <subfield code="0">(DE-627)1270684337</subfield>
   <subfield code="0">(DE-625)rvk/6889:</subfield>
   <subfield code="0">(DE-576)200684337</subfield>
  </datafield>
  <datafield tag="936" ind1="r" ind2="v">
   <subfield code="a">AP 37740</subfield>
   <subfield code="b">Rundfunk/Fernsehaufnahme, -wirkung</subfield>
   <subfield code="k">Allgemeines</subfield>
   <subfield code="k">Medien- und Kommunikationswissenschaften, Medienkulturwissenschaft, Kommunikationsdesign</subfield>
   <subfield code="k">Rundfunk (Hörfunk und Fernsehen)</subfield>
   <subfield code="k">Hörfunk und Fernsehpublikum</subfield>
   <subfield code="k">Rundfunk/Fernsehaufnahme, -wirkung</subfield>
   <subfield code="0">(DE-627)1270688537</subfield>
   <subfield code="0">(DE-625)rvk/7409:</subfield>
   <subfield code="0">(DE-576)200688537</subfield>
  </datafield>
  <datafield tag="936" ind1="b" ind2="k">
   <subfield code="a">77.46</subfield>
   <subfield code="j">Emotion</subfield>
   <subfield code="0">(DE-627)106418432</subfield>
  </datafield>
  <datafield tag="936" ind1="b" ind2="k">
   <subfield code="a">77.93</subfield>
   <subfield code="j">Angewandte Psychologie</subfield>
   <subfield code="0">(DE-627)106423479</subfield>
  </datafield>
  <datafield tag="936" ind1="b" ind2="k">
   <subfield code="a">05.12</subfield>
   <subfield code="j">Kommunikationsprozesse</subfield>
   <subfield code="0">(DE-627)106403702</subfield>
  </datafield>
  <datafield tag="951" ind1=" " ind2=" ">
   <subfield code="a">BO</subfield>
  </datafield>
  <datafield tag="990" ind1=" " ind2=" ">
   <subfield code="a">Massenmedien</subfield>
  </datafield>
  <datafield tag="990" ind1=" " ind2=" ">
   <subfield code="a">Gefühl</subfield>
  </datafield>
  <datafield tag="991" ind1=" " ind2=" ">
   <subfield code="a">Rezensiertes Werk</subfield>
  </datafield>
  <datafield tag="999" ind1=" " ind2=" ">
   <subfield code="a">KXP-PPN497618788</subfield>
   <subfield code="e">4569417086</subfield>
  </datafield>
 </record>
</collection>
